000 00654nam a22001937a 4500
999 _c165485
_d165485
005 20190619164219.0
010 _aUR-10222
020 _c107.00
_a97893887539280
035 _aU-8777
037 _bDBAD/PUB
082 _a841
100 _aحبيب سيفی
245 _aمستقبل کے چا ند ستا ر ے
_cحبيب سيفی
246 _bMustaqbil ke Chand Sitare (Urdu)
_aby Habeeb Saifi
260 _a Delhi
_bEducational Publishing House
_c2017 ء
270 _a3191،Vakil Street,Kucha Pandit,Lal Kuan,
_bDelhi
_e110006
_k23216162
_l00911123211540
300 _a160ص
_c22 Cm(Hb)
942 _2ddc
_cUR
_h841
_mس ے ف